|
|
|
|
| LEADER |
00000cam a2200000 7i4500 |
| 001 |
0000008421 |
| 002 |
000009179 |
| 005 |
20000330.0 |
| 020 |
|
|
|a 9676104388
|
| 090 |
0 |
0 |
|a 959.5
|b MOH
|
| 245 |
0 |
0 |
|a Sejarah pembangunan bangsa dan negara
|c Mohamad Idris Saleh,Che Su Mustaffa & Fuziah Shaffie
|
| 260 |
|
|
|a Kuala Lumpur :
|b Utusan Publications & DistributorsSdn.Bhd. ,
|c 1994
|
| 300 |
|
|
|a 226p. ;
|c 22cm.
|
| 490 |
0 |
|
|a Ketatanegaraan Utusan
|
| 651 |
|
0 |
|a Malaysia
|x Economic conditions
|
| 651 |
|
0 |
|a Malaysia
|x History
|
| 651 |
|
0 |
|a Malaysia
|x Social conditions
|
| 700 |
0 |
|
|a Che Su Mustaffa
|
| 700 |
0 |
|
|a Fuziah Shaffie
|
| 999 |
|
|
|a 048159
|b BUKU
|c MALAYSIANA
|e PERPUSTAKAAN KOMUNITI PETALING JAYA
|
| 999 |
|
|
|a 048160
|b BUKU
|c MALAYSIANA
|e PERPUSTAKAAN KOMUNITI PETALING JAYA
|